Polish Presidents Quiz - Statistics

General Stats
  • This quiz has been taken 337 times
  • The average score is 10 of 18
Answer Stats
Term Leader % Correct
2015- Andrzej Duda
97%
1990-1995 Lech Wałęsa
89%
2005-2010 Lech Kaczyński
88%
2010-2015 Bronisław Komorowski
85%
1995-2005 Aleksander Kwaśniewski
82%
1981-1990 Wojciech Jaruzelski
75%
1918-1922 Józef Piłsudski
73%
1922-1922 Gabriel Narutowicz
63%
1970-1980 Edward Gierek
60%
1948-1956 Bolesław Bierut
58%
1943-1948 Władysław Gomułka
54%
1956-1970 Władysław Gomułka
54%
1926-1939 Ignacy Mościcki
43%
1922-1926 Stanisław Wojciechowski
29%
1980-1981 Stanisław Kania
21%
1956-1956 Edward Ochab
20%
1922-1922 Maciej Rataj
15%
1926-1926 Maciej Rataj
15%
No matching quizzes found
Score Distribution
Percent of People with Each Score
Percentile by Number Answered
Your Score History
You have not taken this quiz